Statistické metody v projektování výrobních systémů : Zborník : Konf. Tábor. 1.-4.dubna 1986

Gespeichert in:
Bibliographische Detailangaben
Format: Buch
Sprache:Tschechisch
Veröffentlicht: České Budějovice : Dom techniky ČSVTS, 1986
Schlagworte:
Tags: Tag hinzufügen
Keine Tags, Fügen Sie das erste Tag hinzu!

MARC

LEADER 00000nam a22000003a 4500
001 stu42339
005 20150408180521.9
008 940308s1986----cs------------------cze-d
040 |a STU  |b slo 
041 0 |a cze 
044 |a cs 
080 |a 31 
080 |a 658.5.015(082) 
245 |a Statistické metody v projektování výrobních systémů :  |b Zborník : Konf. Tábor. 1.-4.dubna 1986 
260 |a České Budějovice :  |b Dom techniky ČSVTS,  |c 1986 
300 |a 90 s 
650 7 |a systémy výrobné  |2 stusub 
650 7 |a projektovanie  |2 stusub 
650 7 |a zborníky  |2 stusub 
996 |b 284M036502  |c M*1152-1  |l MMKN  |s A  |a 24  |w stu42339_0001